Early advertising alphabets, initials, and typographic ornaments / (Record no. 18605)

000 -LEADER
fixed length control field 01548cam a2200385 a 4500
001 - CONTROL NUMBER
control field 1125017
005 - DATE AND TIME OF LATEST TRANSACTION
control field 20170113111539.0
008 - FIXED-LENGTH DATA ELEMENTS--GENERAL INFORMATION
fixed length control field 940909s1995 nyua b 000 0 eng
010 ## - LIBRARY OF CONGRESS CONTROL NUMBER
LC control number 94024465
020 ## - INTERNATIONAL STANDARD BOOK NUMBER
International Standard Book Number 0486284050 (pbk.)
040 ## - CATALOGING SOURCE
Original cataloging agency DLC
Transcribing agency DLC
Modifying agency DLC
050 00 - LIBRARY OF CONGRESS CALL NUMBER
Classification number NK3630
Item number .H36 1995
100 ## - MAIN ENTRY--PERSONAL NAME
Personal name Edited by Clarence P. Hornung
130 0# - MAIN ENTRY--UNIFORM TITLE
Uniform title Handbook of early advertising art.
Form subheading Selections.
245 10 - TITLE STATEMENT
Title Early advertising alphabets, initials, and typographic ornaments /
Statement of responsibility, etc. edited by Clarence P. Hornung.
250 ## - EDITION STATEMENT
Edition statement 4th rev. ed.
260 ## - PUBLICATION, DISTRIBUTION, ETC. (IMPRINT)
Place of publication, distribution, etc. New York :
Name of publisher, distributor, etc. Dover Publications,
Date of publication, distribution, etc. 1995.
300 ## - PHYSICAL DESCRIPTION
Extent 150 p. :
Other physical details ill. ;
Dimensions 31 cm.
440 #0 - SERIES STATEMENT/ADDED ENTRY--TITLE
Title Dover pictorial archive series
500 ## - GENERAL NOTE
General note Abridged ed. of: Handbook of early advertising art. 3rd ed. 1956.
504 ## - BIBLIOGRAPHY, ETC. NOTE
Bibliography, etc Includes bibliographical references (p. 149).
650 #0 - SUBJECT ADDED ENTRY--TOPICAL TERM
Topical term or geographic name as entry element Alphabets.
650 #0 - SUBJECT ADDED ENTRY--TOPICAL TERM
Topical term or geographic name as entry element Initials.
650 #0 - SUBJECT ADDED ENTRY--TOPICAL TERM
Topical term or geographic name as entry element Printers' ornaments.
650 #0 - SUBJECT ADDED ENTRY--TOPICAL TERM
Topical term or geographic name as entry element Decoration and ornament
General subdivision History
Chronological subdivision 19th century.
650 #0 - SUBJECT ADDED ENTRY--TOPICAL TERM
Topical term or geographic name as entry element Commercial art.
700 1# - ADDED ENTRY--PERSONAL NAME
Personal name Hornung, Clarence Pearson.
856 42 - ELECTRONIC LOCATION AND ACCESS
Materials specified Publisher description
Uniform Resource Identifier <a href="http://www.loc.gov/catdir/description/dover031/94024465.html">http://www.loc.gov/catdir/description/dover031/94024465.html</a>
942 ## - ADDED ENTRY ELEMENTS (KOHA)
Source of classification or shelving scheme
Koha item type Hard Covered Materials
Classification part NK3630 .H36 1995
Holdings
Withdrawn status Lost status Source of classification or shelving scheme Damaged status Not for loan Home library Current library Shelving location Date acquired Source of acquisition Total Checkouts Full call number Barcode Date last seen Price effective from Koha item type
          MACHAKOS UNIVERSITY LIBRARY MACHAKOS UNIVERSITY LIBRARY Technical section 13/01/2017 Donation(BFA)   NK3630 .H36 1995 29306 13/07/2018 13/01/2017 Hard Covered Materials
© Machakos University Library, Along The Highway, Machakos Wote Rd, Machakos, Kenya P.O. Box 136 - 90100 Machakos - Kenya

Tel: ( +254 ) 723 805829 OR Fax : 044-20353 OR Email: library@mksu.ac.ke